After Steve (Record no. 12383)

000 -LEADER
fixed length control field 00426nam a22001697a 4500
008 - FIXED-LENGTH DATA ELEMENTS--GENERAL INFORMATION
fixed length control field 230509b 2022 ||||| |||| 00| 0 eng d
020 ## - INTERNATIONAL STANDARD BOOK NUMBER
International Standard Book Number 9780008527846
082 ## - DEWEY DECIMAL CLASSIFICATION NUMBER
Classification number 338.7610040973
Item number MIC
100 ## - MAIN ENTRY--PERSONAL NAME
Personal name Mickle, Tripp
245 ## - TITLE STATEMENT
Title After Steve
260 ## - PUBLICATION, DISTRIBUTION, ETC. (IMPRINT)
Place of publication, distribution, etc London
Name of publisher, distributor, etc Harper Collins Publishers
Date of publication, distribution, etc 2022
300 ## - PHYSICAL DESCRIPTION
Extent xvi, 495p.
650 ## - SUBJECT ADDED ENTRY--TOPICAL TERM
Topical term or geographic name as entry element One More Thing
650 ## - SUBJECT ADDED ENTRY--TOPICAL TERM
Topical term or geographic name as entry element The Artist
650 ## - SUBJECT ADDED ENTRY--TOPICAL TERM
Topical term or geographic name as entry element The Operator
942 ## - ADDED ENTRY ELEMENTS (KOHA)
Item type Books
Holdings
Withdrawn status Lost status Source of classification or shelving scheme Damaged status Not for loan Collection code Permanent location Current location Shelving location Date acquired Total Checkouts Full call number Barcode Date last seen Date last borrowed Koha item type Public note
          Non-fiction IMU-MPC Library IMU-MPC Library General Stacks 2023-05-09 1 338.7610040973 MIC MPC6649 2025-03-17 2023-10-17 Books Column-24
Copyright © 2021 Indian Maritime University, Mumbai Port Campus. All Rights Reserved. Managed & Maintained by Central Library, IMU-Mumbai

webs counters

Powered by Koha